| 000 | 00549nam a2200169 4500 | ||
|---|---|---|---|
| 001 | 109127 | ||
| 003 | ES-MaACL | ||
| 005 | 20230906184800.0 | ||
| 007 | t| | ||
| 008 | 061121s1969 sp r ||||1| spa d | ||
| 100 | 1 |
_aMuchow, Hans Heinrich. _984016 |
|
| 245 | 1 | 3 |
_aLa edad de las travesuras _b: contribución a la psicología y pedagogía de la prepubertad / _cHans Heinrich Muchow; traducción de Diorki. |
| 260 |
_aMadrid : _bStudium, _c1969. |
||
| 300 |
_a195 p. ; _c18 cm. |
||
| 710 | 2 |
_aDiorki. _93392 |
|
| 852 |
_aES-MaACL _jC-53346 _bR.69055 |
||
| 999 |
_c109127 _d109127 |
||